Európske a medzinárodné obchodné právo
Salvato in:
| Autore principale: | |
|---|---|
| Ente Autore: | |
| Altri autori: | , , , , , |
| Natura: | Libro |
| Lingua: | slovacco |
| Pubblicazione: |
Bratislava
Vydavateľstvo EKONÓM
2016
|
| Edizione: | 1. vyd. |
| Soggetti: | |
| Tags: |
Nessun Tag, puoi essere il primo ad aggiungerne!!
|
MARC
| LEADER | 00000nam a2200000 4500 | ||
|---|---|---|---|
| 001 | 0224333 | ||
| 005 | 20240502073656.0 | ||
| 020 | |a 978-80-225-4290-6 | ||
| 041 | 0 | |a slo | |
| 044 | |a SK | ||
| 245 | 1 | 0 | |a Európske a medzinárodné obchodné právo |c Zuzana Kittová a kolektív ; recenzentky: Elena Kašťáková, Anna Ďurfina |
| 250 | |a 1. vyd. | ||
| 264 | 1 | |a Bratislava |b Vydavateľstvo EKONÓM |c 2016 | |
| 300 | |a 337 s. [19,52 AH] | ||
| 610 | 2 | 0 | |a právo európske |
| 610 | 2 | 0 | |a právo medzinárodné |
| 610 | 2 | 0 | |a právo obchodné |
| 610 | 2 | 0 | |a organizácie medzinárodné |
| 610 | 2 | 0 | |a Európska únia |
| 610 | 2 | 0 | |a právo verejné medzinárodné |
| 610 | 2 | 0 | |a právo súkromné medzinárodné |
| 610 | 2 | 0 | |a pohyb tovaru |
| 610 | 2 | 0 | |a clá |
| 610 | 2 | 0 | |a pohyb obyvateľstva |
| 610 | 2 | 0 | |a pohyb služieb voľný |
| 610 | 2 | 0 | |a pohyb síl pracovných medzinárodný |
| 610 | 2 | 0 | |a pohyb kapitálu |
| 610 | 2 | 0 | |a súťaž hospodárska |
| 610 | 2 | 0 | |a právo spotrebiteľské |
| 610 | 2 | 0 | |a ochrana spotrebiteľa |
| 610 | 2 | 0 | |a Svetová obchodná organizácia |
| 610 | 2 | 0 | |a politika obchodná |
| 610 | 2 | 0 | |a dohody obchodné |
| 100 | 1 | |a Kittová, Zuzana, 1975- | |
| 700 | 1 | |a Hlušková, Tatiana, 1987- | |
| 700 | 1 | |a Holka, Marek | |
| 700 | 1 | |a Moťovská Dobošová, Zuzana | |
| 700 | 1 | |a Vetrák, Milan | |
| 700 | 1 | |a Kašťáková, Elena, 1974- | |
| 700 | 1 | |a Ďurfina, Anna | |
| 710 | 2 | |a Ekonomická univerzita v Bratislave. Obchodná fakulta | |